[Event "EU-Cup 19th"]
[Site "Rethymno"]
[Date "2003.10.04"]
[Round "7.6"]
[White "Vydeslaver, Alik"]
[Black "Fressinet, Laurent"]
[Result "0-1"]
[WhiteElo "2449"]
[BlackElo "2640"]
[Annotator "Erenburg,S"]
[PlyCount "80"]
[EventDate "2003.09.28"]
[EventType "team-swiss"]
[EventRounds "7"]
[EventCountry "GRE"]
[SourceTitle "CBM 098"]
[Source "ChessBase"]
[SourceDate "2004.02.03"]
[SourceVersion "1"]
[SourceVersionDate "2004.02.03"]
[SourceQuality "1"]
[WhiteTeam "Beer Sheva"]
[BlackTeam "Paris NAO"]
[WhiteTeamCountry "ISR"]
[BlackTeamCountry "FRA"]

1. e4 c5 2. Nf3 Nc6 3. Bb5 g6 4. O-O Bg7 5. c3 Nf6 6. e5 Nd5 7. d4 cxd4 {
Another possible continuation is} (7... Nc7 {1/2-1/2 Fressinet,L-Degraeve,J/
Meribel 1998/CBM 67/[Smirin] (32)}) 8. Bxc6 {White trades his light-squared
bishop with idea of capturing the d4 pawn by the queen. White's main
strategical idea is to play against black's passive pair of bishops. In
Sicilian variations with 3.Bb5 black frequently gets a pair of bishops, but he
has very often problem with his light-squared one...} (8. cxd4 O-O 9. Nc3 Nc7 (
9... Nxc3 {1-0 Krayz,A-Golod,V/Givatayim 1998/CBM 65/[Golod,V] (79)}) 10. Ba4 {
1/2-1/2 Pedzich,D-Yakovich,Y/Swidnica 1999/CBM 71/[Smirin] (50)}) 8... dxc6 9.
Qxd4 Bf5 {Black decides to solve the problem of his light-squared bishop,
occupying the h7-b1 diagonal. Black tried also} (9... Qb6 10. Qh4 h6 11. Na3
Bf5 12. Re1 Qa6 13. Nd4 g5 14. Qg3 Bg6 $13 {1/2-1/2 Vydeslaver,A-Kaganskiy,G/
After Holidays GM, Tel Aviv ISR 2003 (42)}) (9... Nc7 10. Qh4 h6 11. Nbd2 Ne6
12. Re1 c5 13. Nc4 Bd7 14. Rd1 Qb8 15. Ne3 (15. a4 $5) 15... Bxe5 16. Nxe5 Qxe5
17. Ng4 Qg7 18. Bxh6 f5 19. Bxg7 Rxh4 20. Ne5 Bb5 $11 {1-0 Strikovic,A-Collas,
D/Lisbon 2001/EXT 2002 (55)}) 10. Na3 $146 {According to my database, this
position appeared for the first time. White prevents from black to change his
light-squared bishop, in addition, time white is going to occupy an excelent
square c4 by the knight. In the previous game white continued} (10. Nbd2 O-O
11. Re1 Qd7 12. Nb3 Bg4 13. Nc5 Qc8 14. Qe4 b6 15. Nb3 f6 16. e6 f5 17. Qe2 Rd8
18. h3 Bh5 $13 {1/2-1/2 Wians,C-Yakovich,Y/Cappelle la Grande 1993/TD (42)})
10... h6 $1 {In my opinion, it is right decision to prepare immediate g6-g5.
Otherwise, after} (10... O-O 11. Qh4 {[%cal Gc1h6] black's position may be
vulnerable.}) (10... Qb6 11. Qh4 {[%cal Ga3c4]}) 11. h3 {Prophylactic move.
Anyway, black will play g6-g5, so white prevents g5-g4.} (11. Rd1 Nb6 $11) (11.
Qh4 Qc7 $1 {[%cal Gg6g5,Gg5g4,Ye8c8]} (11... g5)) (11. Re1 g5 12. h3 {-the
game.}) 11... g5 ({Deserves attention} 11... O-O 12. Qh4 (12. Rd1 Nb6) 12... g5
13. Qg3 Qc7 14. Re1 Rad8 15. h4 f6 $13) 12. Re1 Nb6 13. h4 $1 {The only way to
fight for an advantage.} g4 (13... Qc7 14. hxg5 Rd8 (14... hxg5 15. Bxg5 Rd8
16. Qf4 Qd7 17. Nd4 $14) 15. Qh4 $14) (13... Qxd4 14. Nxd4 $14) 14. Qf4 $1 {
That is the key move, which stand behind white's 13-th move.} gxf3 ({Worse is} 
14... Qd7 15. Nd4 Be6 16. Be3 (16. Nac2 c5 17. Nxe6 Qxe6 18. Ne3 Bxe5 19. Qxg4
Qxg4 20. Nxg4 Bg7 21. Bf4 $14) 16... Nd5 17. Qg3 b6 (17... O-O-O 18. Nxe6 Qxe6
19. Bxa7) 18. Rad1 $36) 15. Qxf5 fxg2 16. Qg4 $1 {preventing from black the
castle.} Kf8 17. e6 $1 $36 Qd5 $1 (17... Qe8 {looks much more passive, than
the move in the game.}) 18. c4 (18. Bf4 $5 {comes to consideration. For
example:} fxe6 19. Rxe6 {[%cal Ga1e1]}) 18... Qd3 19. exf7 Nd7 $1 {Very strong
move. Black transfers the knight to much more active position on the kingside.}
20. Bf4 {covering the e5 square. White gets nothing after a following
continuations.} (20. Rd1 Ne5 $1) (20. Bxh6 Rxh6 21. Rad1 Ne5 (21... Nf6 22.
Qxg7+ Kxg7 23. Rxd3 Kxf7 $11) 22. Rxe5 Qxd1+ 23. Qxd1 Bxe5 $13) 20... Nf6 21.
Qe6 Qd7 $8 22. Qe3 {White could achieve an equal position, but, Israeli
International master is playing for more.} (22. Qxd7 Nxd7 23. Rad1 Nf6 24. Kxg2
Kxf7 $11) 22... Kxf7 23. Rad1 Qf5 {It is better to put the queen on f5, saving
the g4 square for the knight.} (23... Qg4 24. Qxe7+ Kg6 25. Bh2 $14) 24. Qxe7+
Kg6 25. Qe3 $6 {After this move, I think white's position is already worse.} ({
Worth consideration} 25. Bh2 Ng4 26. Bg3 Bxb2 27. Rd6+ Kh5 $13 (27... Bf6 28.
h5+ Qxh5 29. Qe4+ Qf5 30. f3 $18)) (25. Bg3 Qh3 26. Bh2 Kh7 $1 27. Re3 Qg4 (
27... Qxh4 28. Rg3 Rhg8 29. Rd7 $18) 28. Rde1 Rae8 29. Qxb7 Rxe3 30. Rxe3 Rd8
$40) (25. Bd6 Qh3 {-see 25.Bg3}) 25... Rae8 (25... Ng4 26. Qd3 Rhf8 27. Bd6
Rad8 28. Re2 $11) 26. Qg3+ (26. Qf3 {doesn't improve white's position, due to}
Nh5 $1 27. Qxg2+ Kh7 28. Bc1 Bxb2 $17) 26... Kh7 27. Rxe8 $2 {Critical mistake,
which allows black to win the game. White had not to give up on the "e" file.}
(27. Be3 Ne4 28. Qf4 (28. Qxg2 Rhg8 $19) 28... Qh3 29. Qh2 Qxh2+ 30. Kxh2 Rhg8
(30... Bxb2 31. Rd7+) 31. Rd7 Nc5 32. Rdd1 Re4 33. Bxc5 Rxh4+ 34. Kxg2 (34. Kg3
Rh5 $19) (34. Kg1 Bc3 $1 $19) 34... Bf8+ $17) ({Better was} 27. Bc7 Ne4 28. Qf4
(28. Qxg2 Bxb2 29. Nc2 Rhg8 $17) 28... Qh3 29. Qh2 Qxh2+ 30. Bxh2 Bxb2 $15)
27... Rxe8 $19 {White is hopeless against an actvity of black's pieces.} 28.
Be3 (28. Bc7 {loses as well:} Ne4 29. Qxg2 (29. Qf4 Qh3 30. Qh2 Qf3 $19) 29...
Bxb2 30. Nc2 (30. Nb1 Nxf2 $1 $19 31. Qxf2 Qg4+) 30... Nxf2 31. Re1 Rxe1+ 32.
Nxe1 Bd4 $19) 28... Ne4 $19 29. Qf4 (29. Qc7 Qh3 30. Qh2 Qf3 $19) 29... Qh3 30.
Qh2 Qf3 31. Rd7 {All other moves don't change anything:} (31. Rd7 {[%tqu "En",
"Please find a winning move for black.","","","e4f2","",10]} Nxf2 $1 32. Bxf2
Re1+ 33. Bxe1 Qf1#) (31. Rb1 Be5 32. Qxg2 Rg8 $19) (31. Re1 Nxf2 32. Qxg2 Qxg2+
33. Kxg2 Nd3 34. Re2 Nf4+ $19) 31... Nf6 {with the threat of Rxe3.} ({Simplier
was} 31... Nxf2) 32. Rxg7+ Kxg7 33. Qxg2+ Qxg2+ 34. Kxg2 a6 35. Kf3 Kg6 $19 {
Black is an exchange up. He is going to take the h4 pawn and to win the game
easily.} 36. b3 Rf8 37. Ke2 Ng4 38. Bb6 Kh5 39. Nc2 Kxh4 40. Ne1 Re8+ 0-1

[Event "Dortmund SuperGM 31st"]
[Site "Dortmund"]
[Date "2003.08.08"]
[Round "8"]
[White "Bologan, Viktor"]
[Black "Leko, Peter"]
[Result "1/2-1/2"]
[WhiteElo "2650"]
[BlackElo "2739"]
[Annotator "Erenburg,S"]
[PlyCount "37"]
[EventDate "2003.07.31"]
[EventType "tourn"]
[EventRounds "10"]
[EventCountry "GER"]
[EventCategory "18"]
[SourceTitle "CBM 097"]
[Source "ChessBase"]
[SourceDate "2003.11.11"]
[SourceVersion "1"]
[SourceVersionDate "2003.11.11"]
[SourceQuality "1"]

1. e4 c5 2. Nf3 Nc6 3. Bb5 g6 4. Bxc6 dxc6 5. d3 Bg7 {In this variation one of
the black's biggest problems is his light-squared bishop. Therefore logical
alternative to continuation in the game is} (5... Bg4 6. h3 (6. Nbd2 Bg7 7. h3
(7. O-O Nf6 8. h3 Bxf3 9. Qxf3 O-O 10. Qe2 e5 11. Nc4 Nd7 12. a4 Qe7 13. Bd2 b6
14. Bc3 Rfd8 15. Qe1 Nf8 16. f4 exf4 17. Bxg7 Kxg7 18. Rxf4 $14 {1/2-1/2 Adams,
M-Gelfand,B/Dos Hermanas 1999/CBM 71 (42)}) 7... Bxf3 8. Nxf3 {1/2-1/2
Ivanchuk,V-Gelfand,B/Polanica Zdroj 1998/CBM 67/[Smirin] (21)}) (6. Nc3 Bg7 7.
O-O e5 8. Be3 b6 9. h3 Bxf3 10. Qxf3 Qd6 11. a4 Nf6 12. Nb1 $5 {[%cal Gb1d2,
Gd2c4]} O-O 13. Nd2 Nd7 14. Qg3 Qe7 15. Rae1 Rfe8 16. Nc4 Bf6 $5 {[%cal Gf6h4]}
17. Qg4 h5 18. Qd1 b5 19. Na5 $14 {Fierro Baquero,M-Ptacnikova,L/WchJW-U18
1994/0-1 (59)}) 6... Bxf3 7. Qxf3 {See annotated game 1-0 Sutovsky,E-Bar,R/
Ramat Aviv/Modiin 2000/CBM 81/[Gershon] (46)}) 6. h3 {preventing Bg4. White
tried also} (6. Nbd2 Nf6 7. O-O Nd7 8. Nc4 b6 9. h3 Nf8 10. Nh2 Ba6 11. Kh1 e5
12. b3 Ne6 13. Nf3 f6 14. Bd2 O-O $11 {0-1 Campora,D-Kharlov,A/Malaga 1999/CBM
68 ext (30)}) 6... Nf6 {Black has another option of developing the g8 knight-
via h6 to f7:} (6... b6 7. Nc3 Nh6 (7... e5 8. O-O Ne7 9. a3 a5 10. b3 O-O 11.
Bb2 Qd6 12. a4 f6 13. Nd2 Be6 14. Ne2 Bh6 $11 {1/2-1/2 Glek,I-Kishnev,S/
Recklinghausen 1999/EXT 2000 (60)}) 8. Be3 f6 9. d4 (9. O-O e5 10. a3 a5 11.
Na4 Rb8 12. b4 cxb4 13. axb4 b5 14. Nc5 a4 15. d4 Nf7 16. Qe2 O-O 17. c4 Nd6
18. Rfd1 $14 {1-0 Rublevsky,S-Iskusnyh,S/St Petersburg 1999/CBM 71 (71)}) 9...
cxd4 10. Nxd4 Bd7 11. Qe2 e5 12. Nf3 Nf7 13. O-O Qe7 14. a4 $1 {[%csl Rc5]
[%cal Ga4a5]} O-O 15. a5 b5 16. Nd2 Nd8 17. Nb3 Ne6 18. Rfd1 Rfc8 19. f3 Be8
20. Qf2 $14 {1-0 Svidler,P-Kramnik,V/Wijk aan Zee 1999/CBM 68 ext (42)}) 7. Nc3
O-O {Another possibility is not to hurry with the castle, but to start the
transfer of the knight to d4, that, actually, is the main black's idea of this
variation:} (7... Nd7 {1/2-1/2 Anand,V-Ivanchuk,V/Prague 2002/CBM 89/[Postny] 
(50) Other theoretical continuation is 7...0-0.}) 8. Be3 b6 {Here white has
two main options to fight for the advantage in this theoretical position: 1)
short castle with following f2-f4; 2) long castle with the attack on the black
K.} 9. Qd2 {This move is connected with the plan of long castle. White intends
to change dark-squared bishops and to start the attack on the black monarch.}
e5 {preparing the e6 square for a light-squared bishop.} 10. Bh6 {Still white
saves option of short castle after} (10. a3 a5 11. O-O a4 12. Rae1 Re8 13. Nh2
Nd7 14. f4 exf4 15. Rxf4 Nf8 16. Ref1 Ra7 17. Kh1 Ne6 18. R4f2 Nd4 $11 {
0-1 Pridorozhni,A-Smirnov,P/Nefteyugansk 2002/CBM 92 no vc (29)}) 10... Qd6 11.
g4 {More popular is immediate} (11. O-O-O a5 12. Bxg7 Kxg7 13. Nh2 (13. g4 a4
14. Ne2 b5 15. Ng3 b4 16. Qg5 Re8 17. Nd2 a3 18. bxa3 h6 19. Qe3 Be6 20. Nb3
Rxa3 21. Qxc5 Qb8 22. Kb2 Nd7 23. Qe3 Nb6 $40 {0-1 Shirov,A-Leko,P/Dortmund
GER 2002/The Week in Chess 401 (31)}) 13... a4 14. Ng4 Ng8 (14... Bxg4 $6 15.
hxg4 Nxg4 16. f3 Nf6 17. Qh6+ Kg8 18. g4 $40) 15. Kb1 (15. Ne2 $5 {[%cal Gf2f4]
1/2-1/2 Grischuk,A-Ponomariov,R/Moscow 2002/CBM 91/[Rabinovich,Al] (28)}) 15...
a3 16. b3 Qd4 17. Nh2 b5 18. Nf3 Qd6 19. Ne2 $14 {1/2-1/2 Grischuk,A-Leko,P/
Moscow 2002/CBM 91 (55)}) 11... Be6 (11... a5 {useful move, which prevents
white's possible breakthrough b2-b4, as well as occupies some space on the
queenside.} 12. a3 a4 13. Bxg7 Kxg7 14. Nd1 Ne8 15. Ne3 b5 16. Qc3 f6 17. g5
$14 {1-0 Bologan,V-Degraeve,J/28th Rapid Open, Aubervilliers FRA 2003 (40)})
12. Ne2 {transfering the knight to g3 with the idea to add it to the attack on
the black king. White has the following possibilities:} (12. Bxg7 Kxg7 13.
O-O-O Rad8 14. Rhf1 b5 15. Ng5 h6 16. Nxe6+ Qxe6 17. Kb1 c4 {1/2-1/2 Shirov,
A-Leko,P/Monaco MNC 2002/The Week in Chess 386 (32)}) (12. Qe3 a5 13. Ne2 a4
14. a3 b5 15. Ng3 Ne8 16. O-O f6 17. Nd2 Rd8 18. Bxg7 Nxg7 19. f4 exf4 20. Qxf4
Qxf4 21. Rxf4 c4 $15 {1/2-1/2 Ponomariov,R-Leko,P/XX SuperGM, Linares ESP 2003
(110)}) 12... Rad8 13. Bxg7 $146 {According to my database this position
appeared for the first time. In the previous game white continued} (13. Ng3 Ne8
14. Bxg7 Nxg7 15. Nf1 f6 16. Ne3 b5 17. Qc3 Bf7 18. g5 b4 19. Qd2 f5 20. Qe2
$13 {1/2-1/2 Rohit,G-Khamzin,O/26th Asian Juniors, Negombo SRI 2003 (48)})
13... Kxg7 14. Qc3 {White doesn't hurry to define the position of his king,
but, first of all improves the position of his pieces.} Nd7 {defending the e5
pawn.} 15. Ng5 {[%cal Yf2f4]} ({Comes to consideration:} 15. O-O-O f6 16. Ng3)
({as well as} 15. Ng3 f6 16. Rg1) 15... h6 $1 {Probably the precisest move.
Other options don't promise an equality:} (15... b5 16. f4 b4 (16... h6 17.
Nxe6+ fxe6 18. f5 $1) 17. Qd2 $14) (15... Kg8 16. Rf1 $14 {[%cal Yf2f4]} (16.
O-O $5)) 16. Nxe6+ fxe6 $1 $11 {Only this one. Black's pawn structure isn't
ideal, but the open line "f" compensates this defect.} (16... Qxe6 17. f4 $14)
17. Kf1 {What else? White transfers the king to g2 with following Raf1 in
order to hold black's pressure on the "f" line.} Rf3 18. Kg2 Rdf8 19. Raf1 {
Here the opponents agreed for a draw, as none of them hasn't any good plan of
improving his position.} 1/2-1/2

[Event "FRA-ch Pool B"]
[Site "Vichy"]
[Date "2000.08.16"]
[Round "2"]
[White "Fressinet, Laurent"]
[Black "Bauer, Christian"]
[Result "1/2-1/2"]
[WhiteElo "2536"]
[BlackElo "2562"]
[Annotator "Finkel,A"]
[PlyCount "136"]
[EventDate "2000.08.15"]
[EventType "tourn"]
[EventRounds "7"]
[EventCountry "FRA"]
[EventCategory "11"]
[SourceTitle "CBM 079"]
[Source "ChessBase"]
[SourceDate "2000.11.21"]
[SourceVersion "1"]
[SourceVersionDate "2000.11.21"]
[SourceQuality "1"]

1. e4 c5 2. Nc3 Nc6 3. Nf3 g6 4. Bb5 Bg7 5. O-O e5 (5... d6 6. Bxc6+ bxc6 7. d3
e5 8. a3 (8. h3 Nf6 9. Be3 Nh5 10. Qd2 f5 11. exf5 gxf5 12. Qe2 Nf6 $13 {
Bereslavsky,M-Appolonov,S/RUS-Cup02 1998}) 8... Ne7 9. b4 cxb4 10. axb4 O-O 11.
b5 Qc7 12. Be3 $14 {Kraut,R-Ballmann,M/Zug 1989}) 6. Bxc6 bxc6 (6... dxc6 7. a3
Bg4 8. h3 Bxf3 9. Qxf3 Nf6 10. d3 Nd7 11. Be3 O-O 12. Qe2 Qe7 13. Rab1 a5 14.
Kh1 a4 $132 {Peng Xiaomin-Rahman,Z/ch-Asia 2000}) 7. d3 d6 (7... Ne7 8. a3 a5 (
8... O-O 9. b4 (9. Be3 d6 10. b4 cxb4 11. axb4 a5 12. bxa5 Rxa5 13. Rb1 c5 $11)
9... cxb4 10. axb4 d5 $15) 9. Be3 d6 10. Nd2 O-O 11. f4 exf4 12. Bxf4 Be6 13.
Kh1 h6 14. Qe2 Qd7 15. e5 $14 {Kaidanov-Alterman Yeravan Ol. 1996}) 8. Nd2 $6
Ne7 9. Nc4 O-O ({Deserved attention} 9... d5 $5 10. Nd2 O-O 11. Nb3 c4 12. dxc4
d4 13. Ne2 f5 $44 {with good counterchances,but it's just a metter of taste.})
10. f4 exf4 11. Bxf4 d5 12. Ne5 Be6 $6 {Missing a possibility to get an
advantage with} (12... dxe4 $1 13. dxe4 (13. Nxe4 Qd4+ 14. Kh1 Bxe5 $19) 13...
Qd4+ $1 14. Qxd4 cxd4 15. Na4 f5 $1 $15) 13. Kh1 Rb8 14. Qc1 Qb6 15. b3 $14 {
[%csl Rc5] Now white is the one who siezed the initiative.} Rbe8 (15... f5 $2
16. Na4 Qa5 17. exd5 cxd5 18. Qe1 Qxe1 19. Raxe1 $16 {[%cal Ge1e7]}) 16. Na4
Qb4 17. a3 Qa5 18. Qe1 $5 Qxe1 $6 (18... Qb5 19. Rb1 $1 (19. Qc3 dxe4 20. dxe4
c4 $132) 19... c4 20. dxc4 dxc4 21. Nc3 Qb7 22. b4 $14) 19. Raxe1 dxe4 20. dxe4
Bxe5 $6 (20... c4 $5) 21. Bxe5 c4 22. b4 $16 {[%csl Re7] With careless play
black has seriously endangered himself and has to be extremly careull to keep
the balance.} Nc8 (22... f5 23. Nc5 Bc8 24. Bd6 fxe4 25. Rxf8+ Kxf8 26. Rxe4
$16) 23. Nc5 Rd8 24. Rf2 $1 {[%csl Gd2]} Nb6 25. Bf6 Ra8 26. Rd1 (26. Rd2 $5 a5
27. Rd6 axb4 28. axb4 Na4 29. Rxc6 Nxc5 30. Rxc5 $16) 26... a5 27. Rd6 axb4 28.
axb4 Na4 $8 29. Nxe6 $6 {This logical move gives black very good drawing
chanses so better was} (29. Rxc6 $5) 29... fxe6 30. Rxe6 $1 (30. Rxc6 $2 Nc3 $1
{[%csl Rh1][%cal Gf8f2]} 31. Rf1 (31. Rc7 Ra1+ 32. Rf1 Rxf1#) 31... Rxf6 $19)
30... c5 $1 (30... Nc3 $6 31. h4 Ra7 32. Rf3 $18) 31. Re7 Rf7 32. Rxf7 Kxf7 33.
bxc5 (33. b5 Ke6 34. Bg7 Rb8) 33... Rc8 34. Bd4+ Ke7 35. Kg1 Nxc5 36. Kf1 (36.
Bxc5+ Rxc5 37. Kf1 Ke6 38. Ke2 Ke5 39. Ke3 Ra5 $14) (36. e5 Nd7 {[%csl Re5]
[%cal Ge7e6,Gc8b8,Gb8b5]}) 36... Nxe4 $1 {Well calculated move leading to
drawing endgame.} 37. Re2 Kd6 38. Rxe4 Kd5 39. Rh4 (39. Rg4 h5 40. Rh4 g5 41.
Rxh5 Kxd4 42. Rxg5 Kc3 43. h4 Kxc2 44. g4 Kd3 $1 45. Kg2 $5 c3 46. Rd5+ (46.
Rf5 $2 c2 47. Rf1 c1=Q 48. Rxc1 Rxc1 49. h5 Ke4 $19) 46... Ke4 47. Rd1 c2 48.
Rc1 Kf4 $11) 39... g5 40. Rg4 h5 41. Rxg5+ Kxd4 42. Rg3 c3 43. Ke2 (43. Kf2 $5
Rb8 44. Rh3 Rb2 45. Rh4+ Ke5 46. Rxh5+ Kd4 47. Rh4+ Kd5 (47... Ke5 $5) 48. Ke3
Rxc2 49. Rg4 Rc1 50. Kd3 Ke5 $11) 43... Re8+ 44. Kd1 {[%csl Rd1]} Re5 45. Rh3
Rg5 46. Rd3+ (46. Rh4+ $6 Ke3 47. g3 $4 Ra5 $19) 46... Kc4 47. g3 Re5 48. Rf3
Rd5+ 49. Kc1 Re5 50. Rf4+ Kc5 51. Kb1 Re2 52. Rh4 Rg2 53. h3 (53. Rxh5+ Kb4 54.
Rh8 Ka3 (54... Rg1+ $4 55. Ka2 Rc1 56. Rh4+ $18 {[%cal Ga2b3]}) 55. Ra8+ Kb4
56. Rb8+ Kc4 57. Rh8 Kb4 $11) 53... Kb5 $1 54. Ka2 Rxc2+ 55. Kb3 Rg2 $11 56.
Rxh5+ Kc6 57. Rg5 (57. g4 c2 58. Kb2 Kd6 59. Rf5 Rh2 $11) 57... c2 58. Kb2 Kd6
59. h4 Ke6 60. g4 Kf6 61. Rf5+ Kg7 62. Rf4 Rh2 63. g5 Kg6 64. Rf6+ Kg7 65. Rh6
Rg2 66. Kc1 Rh2 67. h5 Rg2 68. Rg6+ Kh7 1/2-1/2